Ročná správa 1997 Slovenská asociácia poisťovní
Salvato in:
| Natura: | Libro |
|---|---|
| Lingua: | slovacco |
| Pubblicazione: |
Bratislava
Slovenská asociácia poisťovní
1998
|
| Soggetti: | |
| Tags: |
Nessun Tag, puoi essere il primo ad aggiungerne!!
|
MARC
| LEADER | 00000nam a2200000 4500 | ||
|---|---|---|---|
| 001 | c102649 | ||
| 005 | 20221109094332.1 | ||
| 041 | 0 | |a slo | |
| 044 | |a SK | ||
| 245 | 1 | 0 | |a Ročná správa 1997 |b Slovenská asociácia poisťovní |
| 264 | 1 | |a Bratislava |b Slovenská asociácia poisťovní |c 1998 | |
| 300 | |a 60 s. | ||
| 610 | 2 | 0 | |a poisťovne |
| 610 | 2 | 0 | |a štruktúra organizačná |
| 610 | 2 | 0 | |a poisťovníctvo |
| 610 | 2 | 0 | |a trh poistný |
| 610 | 2 | 0 | |a adresáre |
| 610 | 2 | 0 | |a Slovensko |
| 610 | 2 | 0 | |a 1997 |